Normal view MARC view

Entry Personal Name

Number of records used in: 1

001 - CONTROL NUMBER

  • control field: 13595

003 - CONTROL NUMBER IDENTIFIER

  • control field: OSt

005 - DATE AND TIME OF LATEST TRANSACTION

  • control field: 20200207112313.0

008 - FIXED-LENGTH DATA ELEMENTS

  • fixed length control field: 200207|| aca||aabn | a|a d

040 ## - CATALOGING SOURCE

  • Original cataloging agency: OSt
  • Transcribing agency: OSt

100 ## - HEADING--PERSONAL NAME

  • Personal name: Martin, Alfred N.; Bustamante, Pilar

670 ## - SOURCE DATA FOUND

  • Source citation: Work cat.: (OSt): Martin, Alfred N.; Bustamante, Pilar, Problem Solving: physical pharmacy , 1993